ბათუმის შოთა რუსთაველის სახელმწიფო უნივერსიტეტის ბიბლიოთეკა

Ишрак. Ежегодник исламской философии №5. 2014 = Ishraq. Islamic Philosophy yearbook. (ბიბ.ჩანაწერი № 46508)

000 -LEADER
fixed length control field 00829nam a2200205Ia 4500
001 - CONTROL NUMBER
control field 13347
003 - CONTROL NUMBER IDENTIFIER
control field GE_BSU
005 - DATE AND TIME OF LATEST TRANSACTION
control field 20240909153052.0
008 - FIXED-LENGTH DATA ELEMENTS--GENERAL INFORMATION
fixed length control field 181216s2014||||ru |||||||||||||| ||rus||
040 ## - CATALOGING SOURCE
Transcribing agency GE_BSU
050 ## - LIBRARY OF CONGRESS CALL NUMBER
Classification number 9785020365698
080 ## - UNIVERSAL DECIMAL CLASSIFICATION NUMBER
Universal Decimal Classification number 1(091) И-97
245 ## - TITLE STATEMENT
Title Ишрак. Ежегодник исламской философии №5. 2014 = Ishraq. Islamic Philosophy yearbook.
264 ## - PRODUCTION, PUBLICATION, DISTRIBUTION, MANUFACTURE, AND COPYRIGHT NOTICE
Place of production, publication, distribution, manufacture Москва :
Name of producer, publisher, distributor, manufacturer наука-восточная лит-ра,
Date of production, publication, distribution, manufacture, or copyright notice 2014.
300 ## - PHYSICAL DESCRIPTION
Extent 483 стр. ;
Dimensions 22 см.
653 ## - INDEX TERM--UNCONTROLLED
keyword Ишрак
653 ## - INDEX TERM--UNCONTROLLED
keyword Ежегодник исламской философии
710 ## - ADDED ENTRY--CORPORATE NAME
Corporate name or jurisdiction name as entry element Российская АН ин-т философии, Иранский ин-т философии. Фонд исследовании исламской культуры
9 (RLIN) 23193
942 ## - ADDED ENTRY ELEMENTS (KOHA)
Koha item type წიგნი
Source of classification or shelving scheme
ეგზემპლარები
Withdrawn status Lost status Source of classification or shelving scheme Damaged status Not for loan Permanent Location Current Location Shelving location Date acquired Full call number Barcode Date last seen Copy number Price effective from Koha item type
          ბათუმის შოთა რუსთაველის სახელმწიფო უნივერსიტეტის მთავარი ბიბლიოთეკა ბათუმის შოთა რუსთაველის სახელმწიფო უნივერსიტეტის მთავარი ბიბლიოთეკა წიგნსაცავი 2018-12-17 1(091) И-97 27256 2018-12-17 27256 2018-12-17 წიგნი